Statistics for CFL Teams by Name

Click here to take the quiz!

General Stats

  • This quiz has been taken 12 times
  • The average score is 8 of 9

Answer Stats

Hint Answer % Correct
LionsBC
100%
StampedersCalgary
90%
TorontoArgonauts
90%
EskimosEdmonton
90%
OttawaRedblacks
80%
RoughridersSaskatchewan
80%
HamiltonTiger-Cats
80%
Blue BombersWinnipeg
80%
MontrealAlouettes
60%

Score Distribution

Percentile by Number Answered

Percent of People with Each Score

Your Score History

You have not taken this quiz